Estadísticas para Políticos del Mundo por Imagen

Haz click aquí para intentar la prueba.

Estadísticas generales

  • Esta prueba ha sido intentada 23 veces
  • La puntuación promedio es 6 de 16

Estadísticas de respuestas

Respuesta% Correcto
Nayib Bukele
70%
Benjamin Netanyahu
61%
Margaret Thatcher
57%
David Cameron
48%
Andrés Manuel López Obrador
43%
Borís Yeltsin
43%
Dwight Eisenhower
43%
Henry Kissinger
43%
Theresa May
43%
Nicolas Sarkozy
39%
José Manuel Albares
30%
Mohamed bin Salmán
30%
Dick Cheney
22%
Hosni Mubarak
13%
Donald Rumsfeld
4%
Tsai Ing-wen
0%

Distribución de puntuación

Porcentaje por número respondido

Porcentaje de gente con cada puntuación

Historial de tus puntuaciones

No has intentado esta prueba.